Loreto College Library, Kolkata
WEBOPAC (ONLINE PUBLIC ACCESS CATALOGUE)

Democracy real and deceptive (Record no. 24906)

MARC details
000 -LEADER
fixed length control field 00564nam a2200193Ia 4500
008 - FIXED-LENGTH DATA ELEMENTS--GENERAL INFORMATION
fixed length control field 131103s9999 xx 000 0 und d
040 ## - CATALOGING SOURCE
Original cataloging agency Loreto College
041 ## - LANGUAGE CODE
Language code English
082 ## - DDC | ডিউই
Classification number | বর্গসংখ্যা 321.8/GAN
Book Number | গ্রন্থাঙ্ক LCLIB(Press)/13116
100 ## - MAIN ENTRY--PERSONAL NAME | মুখ্য সংলেখ - ব্যাক্তিনাম
Personal name | ব্যাক্তিনাম Gandhi, M K
245 ## - TITLE STATEMENT | অাখ্যা বিবরণী
Title | অাখ্যা Democracy real and deceptive
Statement of responsibility | লেখকের দায়িত্বের বিবরণ M K Gandhi; compiled by R K Prabhu
260 ## - IMPRINT | প্রকাশনা ক্ষেত্র
Place of publication | প্রকাশ স্থান Ahmedabad
Name of publisher | প্রকাশকের নাম Navajivan
Date of publication | প্রকাশ কাল 1961
300 ## - PHYSICAL DESCRIPTION |
Page / Vol. No | পৃষ্ঠা / খন্ড সংখ্যা iv,84 p.
504 ## - BIBLIOGRAPHY, ETC. NOTE
Bibliography, etc Includes bibliographical references and index
650 ## - SUBJECT ADDED ENTRY--TOPICAL TERM | বিষয় শিরোনাম - মূল বিষয়
Topical term | মূল বিষয় Democracy
700 ## - ADDED ENTRY--PERSONAL NAME | অতিরিক্ত সংলেখ - ব্
Personal name | ব্যাক্তিনাম Prabhu, R K
850 ## - HOLDING INSTITUTION
Holding institution LCLIB/320.8/GAN
942 ## - ADDED ENTRY ELEMENTS (KOHA)
Koha item type Books
Holdings
Withdrawn status Lost status Damaged status Not for loan Home library Current library Date acquired Total Checkouts Full call number Accession No. Date last seen Price effective from Koha item type
        Loreto College Loreto College 04/11/2013   321.8/GAN LCLIB(Press)/13116 B27697 04/11/2013 04/11/2013 Books